000 00591nam a2200205 i 4500
001 58421
003 ES-MaACL
005 20250920063042.0
007 t|
008 031022s1974 fr ||||1| fre d
100 1 _aDuverger, Maurice,
_d1917-2014
_946383
245 1 3 _aLa monarchie republicaine /
_cMaurice Duverger.
260 _aParis :
_bRobert Laffont,
_c[1974]
300 _a283 p. ;
_c22 cm.
490 1 _aLibertés 2000
650 7 _aRepública
_2embne
_9158495
830 0 _aLibertés 2000
_9187140
852 _aES-MaACL
_jE-5767
_bR.90009
999 _c58421
_d58421